The Urinal Test - Statistics

General Stats
  • This quiz has been taken 878 times
  • The average score is 7 of 10
Answers on the Map
Answers color-coded by a green-red scale on the quiz's map according to % correct below.
 
Answer Stats
Answer % Correct
Set E
84%
Set C
83%
Set A
81%
Set G
76%
Set B
71%
Set J
69%
Set I
66%
Set F
62%
Set D
61%
Set H
60%
No matching quizzes found
Score Distribution
Percent of People with Each Score
Percentile by Number Answered
Your Score History
You have not taken this quiz